Uncommon Flags - GEOGRAPHIC FEATURES - Statistics

General Stats
  • This quiz has been taken 16 times
  • The average score is 7 of 13
Answers on the Map
Answers color-coded by a green-red scale on the quiz's map according to % correct below.
 
Answer Stats
Elements Country % Correct
Cedar Tree Lebanon
100%
Mountain/s Slovenia
86%
Mahogany Tree Belize
57%
Volcanoes Nicaragua
57%
Rainbow Nicaragua
57%
Mountain/s Slovakia
50%
Mountain/s Ecuador
43%
River Ecuador
43%
Volcanoes El Salvador
43%
Rainbow El Salvador
43%
Silk-Cotton Tree (God Tree) Equatorial Guinea
29%
Palm Tree Fiji
29%
Palm Tree Haiti
29%
No matching quizzes found
Score Distribution
Percent of People with Each Score
Percentile by Number Answered
Your Score History
You have not taken this quiz